Ako čeliť nekonečným intrigám ohováraniu sa dá ľahšie predísť, ako ho neskôr "liečiť"...
Spôsoby zabránenia šíreniu nepravdivých informácií podľa psychológa Wolfganga Krügera - odzbrojenie, identifikovanie a hľadanie spojencov. Rady ako predchádzať intrigovaniu na pracovisku.
Enregistré dans:
| Auteur principal: | |
|---|---|
| Format: | Chapitre de livre |
| Langue: | slovaque |
| Sujets: | |
| Tags: |
Pas de tags, Soyez le premier à ajouter un tag!
|
MARC
| LEADER | 00000naa a2200000 4500 | ||
|---|---|---|---|
| 001 | r032385 | ||
| 005 | 20230824095408.4 | ||
| 041 | 0 | |a slo | |
| 044 | |a SK | ||
| 245 | 1 | 0 | |a Ako čeliť nekonečným intrigám |b ohováraniu sa dá ľahšie predísť, ako ho neskôr "liečiť"... |c Mária Lenická |
| 520 | |a Spôsoby zabránenia šíreniu nepravdivých informácií podľa psychológa Wolfganga Krügera - odzbrojenie, identifikovanie a hľadanie spojencov. Rady ako predchádzať intrigovaniu na pracovisku. | ||
| 610 | 2 | 0 | |a správanie |
| 610 | 2 | 0 | |a psychológia |
| 610 | 2 | 0 | |a stresy |
| 610 | 2 | 0 | |a vzťahy medziľudské |
| 610 | 2 | 0 | |a prevencia |
| 100 | 1 | |a Lenická, Mária | |